Statistics for Christmas Songs -Fill In The Blank

Click here to take the quiz!

General Stats

  • This quiz has been taken 92 times
  • The average score is 11 of 15

Answer Stats

HintAnswer% Correct
___,_____ , jingle all the wayJingle Bells
95%
I'm dreaming of a _____________White Christmas
94%
We're happy tonight, walking in a ___________________Winter Wonderland
88%
_________ with boughs of hollyDeck The Halls
84%
_________________ was a jolly happy soulFrosty The Snowman
80%
Jingle bell, jingle bell, ________________Jingle Bell Rock
80%
_______________, holy nightSilent Night
79%
______ got run over by a __________Grandma Reindeer
77%
2 ________________ and a partridge in a ____ treeTurtle Doves Pear
72%
__________,_________,_________ and a happy new yearWe Wish You A Merry Christmas
72%
_________, no crib for a bedAway In A Manger
71%
________,________,_______ Prospero Ano y Felicidad.Feliz Navidad
67%
___________________ had a very shiny noseRudolph The Red Nose Reindeer
66%
______________ the angels did say was to certain poor shepards in fields as they layThe First Noel
38%
___________,____________ wie treu sind deine Blätter!O Tannenbaum
15%

Score Distribution

Percentile by Number Answered

Percent of People with Each Score

Your Score History

You have not taken this quiz